LEADER 01018nam a2200265 a 4500 001 000000137101 003 CaOOAMICUS 005 20140120132019.0 008 140120s1957 fr u000 u fre r 040 $aPUL$bita 100 1 $aChevalier, Jacques,$d1882-1962.$0(OLS)http://pul/name/20237 245 10$aPascal /$cpar Jacques Chevalier. 260 $aParis :$bLibrairie Plon$g1957 300 $aX, 355 p. ;$c21 cm 490 1 $aLes maitres de la pensée française ;$v10 504 $aBibliografia in nota. 600 14$aPascal, Blaise,$d1623-1662$xBiografia.$0(OLS)http://pul/subject/14637 830 0$aMaitres de la pensée française ;$v10.$0(OLS)http://pul/title/173560 850 $aPUL 852 $aPUL$W1$xDP1 Fondo E. Rossi$y115$m4 A 12$j6218$qFondi$B157528$CPULBib$Z2$F157528 $82 941 1 $a1 961 $aSul dorso collocazione ms. di E. Rossi: PAA 11 996 $6245$aPascal$9(OLS)http://pul/title/8215 996 $6260$aParis :$bLibrairie Plon$9(OLS)http://pul/publisher/51808 LEADER 01405nam a2200301 a 4500 001 000000168446 003 CaOOAMICUS 005 20180621104043.0 008 180621s2018 vc u000 u ita r 020 $a978-88-465-1210-9* 032 $aLibriCat 040 $aPUL$bita 082 04$a241 100 1 $aLuparia, Marco Ermes,$d1950-$0(OLS)http://pul/name/78222 245 10$aScienza, sapienza e presunzione :$briflessioni morali sulla ricerca scientifica e la realizzazione di nuove tecnologie /$cMarco Ermes Luparia. 260 $aCittà del Vaticano :$bLateran University Press,$c©2018. 300 $a201 p. ;$c24 cm. 504 $aInclude riferimenti bibliografici ed indice. 650 4$aReligione e scienza.$0(OLS)http://pul/subject/147 650 4$aMorale cristiana.$0(OLS)http://pul/subject/33527 850 $aPUL 852 $aPUL$W1$xSL Religione 3$y85$m241 LUPMA 1$j191900$qDDC 21$B196351$CPULBib$Z2$F196351 $H131030 $81 941 1 $a9 996 $6020$a978-88-465-1210-9*$9(OLS)http://pul/number/164421 996 $6082$a241$9(OLS)http://pul/classification/246 996 $6245$aScienza, sapienza e presunzione :$briflessioni morali sulla ricerca scientifica e la realizzazione di nuove tecnologie$9(OLS)http://pul/title/208824 996 $6260$aCittà del Vaticano :$bLateran University Press$9(OLS)http://pul/publisher/74585